| 000 | 00000nas 2200000za 4500 |
| 001 | 9.807008 |
| 003 | CaOODSP |
| 005 | 20221107140032 |
| 007 | cr ||||||||||| |
| 008 | 150406d20152019oncqr p o||||f0 |0eng|d |
| 040 | |aCaOODSP|beng |
| 043 | |an-cn-on |
| 086 | 1 |aNH12-39E-PDF |
| 245 | 00|aHousing now tables. |pWindsor CMA |h[electronic resource]. |
| 260 | |a[Ottawa] : |bCanada Mortgage and Housing Corporation, |cc2015-2019. |
| 310 | |aQuarterly |
| 362 | 1 |aBegan with fourth quarter 2015; ceased with first quarter 2019. |
| 500 | |a"Housing market information ... Housing market intelligence you can count on". |
| 500 | |aIssued also in French under title: Actualités habitation, tableaux. RMR de Windsor. |
| 692 | 07|2gccst|aDemography |
| 692 | 07|2gccst|aHousing |
| 692 | 07|2gccst|aMortgage loans |
| 692 | 07|2gccst|aPrices |
| 710 | 2 |aCanada Mortgage and Housing Corporation. |
| 775 | 08|tActualités habitation, tableaux. |w(CaOODSP)9.807009 |
| 780 | 00|tHousing now. |w(CaOODSP)9.504531 |
| 986 | |a64251 |